| 000 | 00575 a2200181 4500 | ||
|---|---|---|---|
| 999 |
_c4286 _d4286 |
||
| 010 | _aENG-86145 | ||
| 020 |
_a8189612603 _c350.00 |
||
| 035 | _aEN-69678 | ||
| 037 | _bDBAD / PUB | ||
| 082 | 1 | 4 | _a230.2 |
| 100 | 1 | _aRice, Edward P | |
| 245 | 1 |
_aThe mahabharata : _cby Edward P. Rice _banalysis and index / |
|
| 260 |
_aNew Delhi _bOmega Publications _c2006 |
||
| 270 |
_a4398/5, Ansari Road, Daryaganj _bNew Delhi _e110002 _k65901906 _mgph2004@yahoo.co.in |
||
| 300 |
_a112 p. _c21cm. (Hb.) |
||
| 500 | _aIncludes index | ||
| 942 |
_adpl _cEN _2ddc _h230.2 _m RIC |
||